书目信息 |
| 题名: |
无尘
|
|
| 作者: | 赵鸿 著 | |
| 分册: | ||
| 出版信息: | 石家庄 河北美术出版社 2018 |
|
| 页数: | 121页 | |
| 开本: | 21cm | |
| 丛书名: | ||
| 单 册: | ||
| 中图分类: | I217.2 , J222.7 | |
| 科图分类: | ||
| 主题词: | 散文诗--诗集--中国--当代 , 随笔--作品集--中国--当代 , 水墨画--作品集--中国--现代 | |
| 电子资源: | ||
| ISBN: | 978-7-5310-9414-2 | |
| 000 | 00926nam0 2200265 45 | |
| 001 | 012001010132 | |
| 005 | 20140102161714.0 | |
| 010 | @a978-7-5310-9414-2@dCNY90.00 | |
| 100 | @a20181031d2018 em y0chiy0110 ea | |
| 101 | 0 | @achi |
| 102 | @aCN@b130000 | |
| 105 | @ay z 000yy | |
| 106 | @ar | |
| 200 | 1 | @a无尘@Awu chen@f赵鸿著 |
| 210 | @a石家庄@c河北美术出版社@d2018 | |
| 215 | @a121页@d21cm | |
| 330 | @a作者赵鸿作为环保的志愿者,常年以“传播绿色文明,促进和谐社会” 为己任,在工作同时创作了大量的美文。本书即为散文诗及随笔并配小品画。绘画作品由刘东旺创作,雅致的水墨小品诠释出美好的人文情怀。本画册可为诗歌与绘画创作者提供较好参考借鉴 | |
| 606 | 0 | @a散文诗@x诗集@y中国@z当代 |
| 606 | 0 | @a随笔@x作品集@y中国@z当代 |
| 606 | 0 | @a水墨画@x作品集@y中国@z现代 |
| 690 | @aI217.2@v5 | |
| 690 | @aJ222.7@v5 | |
| 701 | 0 | @a赵鸿@Azhao hong@4著 |
| 801 | 0 | @aCN@b上海新华@c20191020 |
| 905 | @b1135727-30@dI217.2@e979@f4 | |
| 无尘/赵鸿著.-石家庄:河北美术出版社,2018 |
| 121页;21cm |
| ISBN 978-7-5310-9414-2:CNY90.00 |
| 作者赵鸿作为环保的志愿者,常年以“传播绿色文明,促进和谐社会” 为己任,在工作同时创作了大量的美文。本书即为散文诗及随笔并配小品画。绘画作品由刘东旺创作,雅致的水墨小品诠释出美好的人文情怀。本画册可为诗歌与绘画创作者提供较好参考借鉴 |
| ● |
| 相关链接 |
|
|
|
|
正题名:无尘
索取号:I217.2/979
 
预约/预借
| 序号 | 登录号 | 条形码 | 馆藏地/架位号 | 状态 | 备注 |
| 1 | 1135727 | 211357271 | 第一样本阅览室/ [索取号:I217.2/979] | 在馆 | |
| 2 | 1135728 | 211357280 | 第二借阅区/ [索取号:I217.2/979] | 在馆 | |
| 3 | 1135729 | 211357299 | 第二借阅区/ [索取号:I217.2/979] | 在馆 | |
| 4 | 1135730 | 211357306 | 第二借阅区/ [索取号:I217.2/979] | 在馆 |